| Tag |
First Indicator |
Second Indicator |
Subfields |
| LEADER |
00000cam a2200000 a 4500 |
| 001 |
in00002786799 |
| 005 |
20151202171645.0 |
| 008 |
111222s2012 cou b 001 0 eng |
| 010 |
|
|
|a 2011049040
|
| 020 |
|
|
|a 9781612052281 (hardcover : alk. paper)
|
| 020 |
|
|
|a 1612052282 (hardcover : alk. paper)
|
| 020 |
|
|
|a 9781612052298 (pbk. : alk. paper)
|
| 020 |
|
|
|a 1612052290 (pbk. : alk. paper)
|
| 029 |
1 |
|
|a AU@
|b 000048327311
|
| 035 |
|
|
|a (OCoLC)ocn759916646
|
| 035 |
|
|
|a (OCoLC)759916646
|
| 040 |
|
|
|a DLC
|b eng
|c DLC
|d YDX
|d BTCTA
|d YDXCP
|d OCLCO
|d IAD
|d BWX
|d UtOrBLW
|
| 043 |
|
|
|a n-us---
|
| 049 |
|
|
|a TXAM
|
| 050 |
0 |
0 |
|a LC1091
|b .S75 2012
|
| 082 |
0 |
0 |
|a 370.11/5
|2 23
|
| 100 |
1 |
|
|a Stitzlein, Sarah Marie,
|d 1979-
|
| 245 |
1 |
0 |
|a Teaching for dissent :
|b citizenship education and political activism /
|c Sarah M. Stitzlein.
|
| 264 |
|
1 |
|a Boulder, CO :
|b Paradigm Publishers,
|c [2012]
|
| 264 |
|
4 |
|c ©2012
|
| 300 |
|
|
|a vii, 243 pages ;
|c 24 cm.
|
| 336 |
|
|
|a text
|b txt
|2 rdacontent
|
| 337 |
|
|
|a unmediated
|b n
|2 rdamedia
|
| 338 |
|
|
|a volume
|b nc
|2 rdacarrier
|
| 504 |
|
|
|a Includes bibliographical references and index.
|
| 505 |
0 |
|
|a Dissent in an era of public protests -- Informing today's dissent with that of the revolution and progressive eras -- Defining dissent and its role in healthy democracy -- The right to dissent -- Constraints on dissent in the current curriculum -- Teacher dissent -- Grounding dissent in hope -- Citizenship education for dissent -- Appendix: teacher resource page and recommended further reading.
|
| 650 |
|
0 |
|a Citizenship
|x Study and teaching
|z United States.
|
| 650 |
|
0 |
|a Democracy and education
|z United States.
|
| 650 |
|
0 |
|a Students
|x Political activity
|z United States.
|
| 650 |
|
0 |
|a Teachers
|x Political activity
|z United States.
|
| 938 |
|
|
|a Baker and Taylor
|b BTCP
|n BK0010304863
|
| 938 |
|
|
|a YBP Library Services
|b YANK
|n 7350130
|
| 938 |
|
|
|a Blackwell Book Service
|b BBUS
|n 7350130
|
| 947 |
|
|
|a A14836010250
|
| 945 |
|
|
|a PromptCat
|b 115966
|
| 946 |
|
|
|a stk
|
| 994 |
|
|
|a 92
|b TXA
|
| 948 |
|
|
|a Cataloged
|b h
|c 2012/12/5
|d c
|e EGrant
|
| 999 |
|
|
|a MARS
|
| 999 |
f |
f |
|s 8fe82e6c-d359-3323-ac40-0ebe865941c8
|i ebe037f7-f2d3-329f-b876-5910e1d32255
|t 0
|
| 952 |
f |
f |
|p normal
|a Texas A&M University
|b College Station
|c Sterling C. Evans Library
|d Evans: Library Stacks
|t 0
|e LC1091 .S75 2012
|h Library of Congress classification
|i unmediated -- volume
|m A14836010250
|
| 998 |
f |
f |
|a LC1091 .S75 2012
|t 0
|l Evans: Library Stacks
|